000 01208nam a22002657a 4500
999 _c5411
_d5411
003 AR-CdUCM
008 190312b ||||| |||| 00| 0 spa d
040 _aMUNICIPALIDAD PROVINCIAL DEL CUSCO
_cBIBLIOTECA MUNICIPAL DEL CUSCO
082 _a869.508 /
_bM26
100 _aMariátegui, José Carlos
_92478
245 _aJosé Carlos Mariátegui en sus textos /
260 _aLima :
_bEdiciones PEISA,
_c1973.
300 _a148 páginas ;
_c16 cm.
500 _aDonación de la familia Nieto.
505 _aContenido: Tomo I: La insurrección indigenista -- Los grandes esquemas de interpretación de la realidad -- De la teoría a la práctica -- La peruanización de la cultura.
505 _aTomo II: El Marxismo según José Carlos Mariátegui -- Las revoluciones mundiales -- Mirando a las derechas -- Algunos reencuentros personales.
650 _aEnsayos peruanos - SIglo XX
_916302
650 _aJose Carlos MAriategui - Ensayos
_911745
650 _aLiteratura peruana - Historia, crítica
_916303
650 _aIndígenas del Perú - Condiciones sociales
_912928
650 _aEnsayos políticos
_92390
700 _aNeira, Hugo (Compilador)
_92061
942 _2ddc
_cLIBROS
945 _alccs